| 000 | 00000nam 2200000za 4500 |
| 001 | 9.699916 |
| 003 | CaOODSP |
| 005 | 20210625000610 |
| 007 | cr ||||||||||| |
| 008 | 150407|1959||||xxc|||||o f|0| 0 eng d |
| 040 | |aCaOODSP|beng |
| 043 | |an-cn--- |
| 086 | 1 |aCP32-108/1959E-PDF |
| 086 | 1 |aZ1-1957/3-2E-PDF |
| 110 | 1 |aCanada. |bPrivy Council Office. |
| 245 | 10|aRoyal Commission on Energy - second report |h[electronic resource] / |c[Henry Borden, chairman ; J. Louis Levesque, George Edwin Britnell, Robert D. Howland, Leon J. Ladner, R. Macdonald Hardy, commissioners]. |
| 260 | |aOttawa : |bPrivy Council Office, |c1959. |
| 300 | |a98, 100 p.|bfigs., graphs, tables |
| 500 | |aHistorical publication digitized in 2009 by the Privy Council Office of Canada. |
| 590 | |a15-04-Supp|b2015-03-19 |
| 690 | 07|aEnergy|2gcpds |
| 690 | 07|aCommissions of inquiry|2gcpds |
| 775 | 08|tCommission royale d'enquête sur l'énergie - deuxième rapport |w(CaOODSP)9.643897 |
| 856 | 40|ahttp://publications.gc.ca|qPDF|s4.82 MB|uhttps://publications.gc.ca/collections/collection_2014/bcp-pco/CP32-108-1959-2-eng.pdf |
| 856 | 40|ahttp://publications.gc.ca|qPDF|s5.19 MB|uhttps://publications.gc.ca/collections/collection_2014/bcp-pco/CP32-108-1959-1-eng.pdf |